000 00673nam a2200241Ia 4500
003 OSt
005 20221005060105.0
006 a|||||r|||| 00| 0
007 ta
008 221004b |||||||| |||| 00| 0 eng d
024 _a53434
037 _cTextual
040 _aCRL
_cCRL
_beng
041 _2eng
_aeng
082 _aR5:g, N1
100 _aWellmer Albrecht
_9288321
245 0 _aPersistence of modernity
_b Essays on Aesthetics ethics and postmodernism Tr by David Midgley
260 _aLondon
_bPolity
_c1991
300 _a266p.
_ccm.
650 _aPHILOSOPHY
942 _hR5:g, N1
_cTEXL
_2cc
999 _c966172
_d966172